| 000 | 00620nam a2200241 a 4500 | ||
|---|---|---|---|
| 001 | nice12345678 | ||
| 003 | IN_TiNIC | ||
| 005 | 20260116011745.0 | ||
| 008 | 050524s1974 dela grp 000 0 urd | ||
| 020 |
_a _c7.5 |
||
| 082 | 0 | 0 |
_a297.63 _bFAR |
| 100 | _aFaruqi, Nisar Ahmad | ||
| 245 | _aSeerat-E-Nabavi Ki Ibtedai Kitaben Awr Un Ke Muallifeen | ||
| 260 |
_aDelhi _bIdara-I-Adabiyat-I-Dilli _c1974 |
||
| 300 | _a211p | ||
| 500 | _aincludes index and biblioraphy | ||
| 505 | 2 | _aAppendix | |
| 650 | _aMuhammad, Prophet | ||
| 700 | 1 | _aFaruqi, Nisar Ahmad | |
| 902 | _bSRS | ||
| 942 | _cBK | ||
| 999 |
_c3743 _d3743 |
||